| 000 | 01826nam a2200481 i 4500 | ||
|---|---|---|---|
| 001 | 197048 | ||
| 003 | ES-MaACL | ||
| 005 | 20250824012921.0 | ||
| 008 | 250120s2004 sp | |||| 000 0 spa | ||
| 015 | _aMON11 | ||
| 017 |
_aM 32790-2017 _bOficina Depósito Legal Madrid |
||
| 020 | _a9788415289180 | ||
| 035 | _a(OCoLC)773021260 | ||
| 035 | _a(SpMaBN)a5215167 | ||
| 040 |
_aSpMaBN _bspa _cSpMaBN _erdc |
||
| 080 | _a7.038.531 | ||
| 080 | _a792 | ||
| 080 | _a792.01 | ||
| 100 | 1 |
_aFischer-Lichte, Erika _9239882 _eaut |
|
| 240 | 1 | 0 |
_aÄsthetik des Performativen _lEspañol |
| 245 | 1 | 0 |
_aEstética de lo performativo / _cErika Fischer-Lichte ; traducción, Diana González Martín y David Martínez Perucha ; introducción, Óscar Cornago. |
| 260 |
_aMadrid : _bAbada, _cD.L. 2011. |
||
| 300 |
_a427 páginas ; _c20 cm. |
||
| 336 |
_aTexto (visual) _2isbdcontent |
||
| 337 |
_asin mediación _2isbdmedia |
||
| 338 |
_2rdacarrier _avolumen |
||
| 490 | 0 | _aLecturas de estética | |
| 504 | _aBibliografía: páginas [411]-427 | ||
| 594 | _aTítulo original: Ästhetik des Performativen | ||
| 650 | 7 |
_aPerformance (Arte) _2embne _9239883 |
|
| 650 | 7 |
_aTeatro alternativo _2embne _9142682 |
|
| 650 | 7 |
_aTeatro- _xFilosofía _9149499 |
|
| 700 | 1 |
_aGonzález Martín, Diana _etrl _9241708 |
|
| 700 | 1 |
_aMartínez Perucha, David _etrl _9241709 |
|
| 700 | 1 |
_aCornago, Óscar _eaui _9241710 |
|
| 852 |
_aES-MaACL _cDEPOJ _jN-10391 _hDonación: José Lázero García _xEncuadernación rústica con solapas _9206513 |
||
| 903 | 1 |
_9234219 _aLázaro García, José _ednr |
|
| 942 |
_cMONOGRAFIA _n0 |
||
| 999 |
_c197048 _d197048 |
||